Imię dla dziecka (Żeńskie) na L - Statystyki

Ogólne statystyki
  • Ten quiz został rozwiązany 95 razy
  • Średni wynik to 4 z 9
Statystyki odpowiedzi
Hint Odpowiedź % Poprawnych
7. Lena
87%
9. Laura
71%
3. Lilianna
61%
6. Lidia
48%
4. Leokadia
42%
5. Luiza
35%
8. Lukrecja
12%
2. Linda
8%
1. Leonarda
3%
Nie znaleziono quizów pasujących do podanych kryteriów
Rozkład punktacji
Procent ludzi z każdym wynikiem
Percentyl według liczby udzielonych odpowiedzi
Twoja historia wyników
Nie rozwiązałeś tego quizu